Statistics for Shortest Country(Asia) A-Z Blitz

Click here to take the quiz!

General Stats

  • This quiz has been taken 26 times
  • The average score is 18 of 19

Answer Stats

InitialAnswerLetters% Correct
QQatar5
100%
VVietnam7
100%
IIran/Iraq4
100%
JJapan5
100%
LLaos4
100%
BBhutan/Brunei6
100%
OOman4
100%
NNepal5
96%
UUzbekistan10
96%
TTaiwan/Turkey6
96%
RRussia6
96%
AArmenia7
92%
KKuwait6
92%
CChina5
92%
PPakistan8
88%
SSyria5
88%
GGeorgia7
88%
MMyanmar7
80%
YYemen5
80%

Score Distribution

Percentile by Number Answered

Percent of People with Each Score

Your Score History

You have not taken this quiz